Seasonal changes in the effectiveness of ethrel2, 4-D and NAA in the stimulation of latex flow in Hevea brasiliensis Mull. Arg. (Record no. 45751)

MARC details
000 -LEADER
fixed length control field 00406nam a2200121Ia 4500
100 ## - MAIN ENTRY--AUTHOR NAME
Personal name Sethuraj MR
245 #0 - TITLE STATEMENT
Title Seasonal changes in the effectiveness of ethrel2, 4-D and NAA in the stimulation of latex flow in Hevea brasiliensis Mull. Arg.
260 ## - PUBLICATION, DISTRIBUTION, ETC. (IMPRINT)
Name of publisher Indian Journal of Plant Physiology
Year of publication 1975
300 ## - PHYSICAL DESCRIPTION
Number of Pages 163-168
700 ## - ADDED ENTRY--PERSONAL NAME
Personal name George
942 ## - ADDED ENTRY ELEMENTS (KOHA)
Koha item type Reprints
700 ## - ADDED ENTRY--PERSONAL NAME
-- J
Holdings
Withdrawn status Lost status Damaged status Not for loan Home library Current library Date acquired Serial Enumeration / chronology Koha item type
      Reprints RRII Library RRII Library 22/12/2021 Volume 18, Issue 2 Reprints